000 01425nam a22003617a 4500
003 CHAP
005 20220329142158.0
008 000201d1999 mx r 00110 spa d
010 _a79638
011 _a80610
035 _a91061
040 _cCHAP
090 _aTesis
100 0 0 _aLópez Hernández, Francisco Armín.
_967966
245 1 0 _aPropuesta de un sistema administrativo para eficientizar el cultivo de flores utilizando dos fases del proceso administrativo (planeación y organización)
_c/por Francisco Armín López Hernández
260 _aChapingo, Méx. :
_bEl autor,
_c1999.
300 _a87 h. :
_bcuadros
502 _aTesis (Lic. en Administración de Empresas Agropecuarias) -- UACH. División de Ciencias Económico Administrativas
590 _aALEPH
_b10
_c20130110
_lUCH01
_h1432
590 _aBATCH-UPD
_b10
_c20130110
_lUCH01
_h0809
590 _aBATCH-UPD
_b10
_c20130410
_lUCH01
_h0446
590 _aBATCH-UPD
_b10
_c20130913
_lUCH01
_h1946
590 _aCONVERSION
_b10
_c20130109
_lUCH01
_h1344
650 1 4 _aAdministración de empresas.
_9922
650 1 4 _aFlores
_xRendimiento.
_941407
650 1 4 _aFloricultura
_zMéxico (Edo.).
_941853
901 _aBK
905 _aGuadalupe Pinto C.
942 _cFOLL
949 _bBC
_cTES
_d33724000741047
_eTS2
_fc.2
_h34623
_i91061
_sb
949 _bBC
_cTES
_d33724000756532
_eTS2
_fc.3
_h35418
_i91061
_si
949 _bBC
_cTES
_d910611
_eTS1
_h34622
_i91061
_sb
999 _c79638
_d79638